000 00543nam a2200193Ii 4500
003 JO-AjNU
008 230605s9999||||xx |||||||||||||| ||und||
040 _aJO-AjNU
_bara
_erda
_cJO-AjNU
041 _aara
050 1 4 _aLB1049 2005
100 3 _aالمناصرة، محمود أحمد إبراهيم,
_eauthor
_947644
245 0 0 _aأوراق تربوية
250 _aط1
264 3 1 _aالمؤلفة
300 _a160ص
336 _atext
_btxt
_2rdacontent
337 _aunmediated
_bn
_2rdamedia
338 _avolume
_bnc
_2rdacarrier
999 _aA20812
_c24380
_d24380